00363 2200145 4500001002100000008004100021035002000062245003500082100001800117260002800135300002000163082001100183650001000194990001300204INLIS000000000000724 ind  a0010-0322000724 aANAK TUPAI AKHIRNYA JERAcIKHA aPUPUT MUGIATI aSURABAYAbCAHAYA AGENCY a24 hlm.c19 cm. a398.24 aFABEL a102879-1